000 00841nam a2200229 a 4500
999 _c11645
_d11645
001 11645
003 BD-JhCC
005 20201015090824.0
008 200713b2020 bg |||| ||a| 000 0 mul d
020 _a979849408277
035 _a(BD-JhCC)11645
040 _aBD-JhCC
_dBD-JhCC
041 _amul
082 _a305.50973
_bPRI 2020
245 _aদ্য প্রাইস অব ইনইকুয়ালিটি:
_bঅসমতার খেসারত /
_cঅনু: ড. মোহাম্মদ আবদুর রশীদ ।
260 _aঢাকা:
_bপাঠক সমাবেশ;
_c২০২০.
300 _a528 p. :
_c22 cm.
650 _aEquality
_xIncome distribution--Social aspects
_zEconomic history
700 _aরশীদ, মোহাম্মদ আবদুর
942 _2ddc
_cBK